Strategic Management Concept and Case (Record no. 2996)

MARC details
000 -LEADER
fixed length control field 00354nam a2200145Ia 4500
008 - FIXED-LENGTH DATA ELEMENTS--GENERAL INFORMATION
fixed length control field 191201s2007 xx 000 0 und d
082 ## - DEWEY DECIMAL CLASSIFICATION NUMBER
Classification number 658.4012
Item number DAS
100 ## - MAIN ENTRY--PERSONAL NAME
Personal name DAVID, Fred R
245 #0 - TITLE STATEMENT
Title Strategic Management Concept and Case
250 ## - EDITION STATEMENT
Edition statement 10th
260 ## - PUBLICATION, DISTRIBUTION, ETC. (IMPRINT)
Place of publication, distribution, etc N.Delhi
Name of publisher, distributor, etc Pearson Education
Date of publication, distribution, etc 2007
300 ## - PHYSICAL DESCRIPTION
Extent 824
650 ## - SUBJECT ADDED ENTRY--TOPICAL TERM
Topical term or geographic name as entry element MBA
942 ## - ADDED ENTRY ELEMENTS (KOHA)
Source of classification or shelving scheme Dewey Decimal Classification
Koha item type Text Books
Holdings
Withdrawn status Lost status Source of classification or shelving scheme Damaged status Not for loan Collection code Home library Current library Date acquired Source of acquisition Cost, normal purchase price Bill Number Total Checkouts Full call number Acc. no. / Barcode Date last seen Bill Date Koha item type Date last borrowed Public note
    Dewey Decimal Classification     MBA PIET C-LIBRARY PIET C-LIBRARY 21/08/2007 J B C, New Delhi 375.00 712   658.4012 DAS 6940 04/12/2019 30/07/2007 Text Books    
    Dewey Decimal Classification     MBA PIET C-LIBRARY PIET C-LIBRARY 21/08/2007 J B C, New Delhi 375.00 712 1 658.4012 DAS 6941 27/02/2024 30/07/2007 Text Books 15/02/2024  
    Dewey Decimal Classification     MBA PIET C-LIBRARY PIET C-LIBRARY 21/08/2007 J B C, New Delhi 375.00 712 1 658.4012 DAS 6942 25/11/2023 30/07/2007 Text Books 22/01/2022 .
    Dewey Decimal Classification     MBA PIET C-LIBRARY PIET C-LIBRARY 21/08/2007 J B C, New Delhi 375.00 712   658.4012 DAS 6943 04/12/2019 30/07/2007 Text Books    

Design & Developed by: PIET Central Library
R70 Miles Stone Pattikalyana Samalkha Panipat 132102
mail ID :- [email protected], Phone No:- 0180-2569700 Ex.216